Największe miasta zaczynające się na literę B - Statystyki

Ogólne statystyki
  • Ten quiz został rozwiązany 322 razy
    321 od ostatniego zresetowania
  • Średni wynik to 13 z 19
Statystyki odpowiedzi
Państwo Populacja Miasto % Poprawnych
Niemcy 4,85 mln Berlin
97%
Tajlandia 21,2 mln Bangkok
96%
Argentyna 16,7 mln Buenos Aires
96%
Belgia 2,78 mln Bruksela
95%
Hiszpania 4,88 mln Barcelona
93%
Kolumbia 10,4 mln Bogota
93%
Azerbejdżan 3,68 mln Baku
91%
Brazylia 3,98 mln Brasília
91%
Irak 7,65 mln Bagdad
87%
Wielka Brytania 3,28 mln Birmingham
86%
Stany Zjednoczone 7,70 mln Boston
81%
Australia 3,35 mln Brisbane
67%
Mali 5,45 mln Bamako
54%
Brazylia 4,93 mln Belo Horizonte
45%
Korea Południowa 4,00 mln Busan|Pusan
40%
Indie 14,2 mln Bangalore
22%
Indonezja 6,95 mln Bandung
14%
Indie 2,68 mln Bhopal
7%
Indie 3,28 mln Bhilai
1%
Nie znaleziono quizów pasujących do podanych kryteriów
Rozkład punktacji
Procent ludzi z każdym wynikiem
Percentyl według liczby udzielonych odpowiedzi
Twoja historia wyników
Nie rozwiązałeś tego quizu od ostatniego zresetowania